Obálka
Pro půjčování e-knih musíte být přihlášeni.
Jak si půjčit online?

Arila. Poslední hvězda /

Druhá kniha fantasy série ze světa národa věčných uprchlíků.

Uloženo v:
Série:Arila, část 2
Hlavní autor: Starý, Radek, 1992- (Autor)
Médium: E-audiokniha
Jazyk:Czech
Vydáno: V Praze : CooBoo, 2021
Vydání:1. vydání
Témata:
Příbuzné jednotky:Z cyklu:: Arila
Tagy:
Žádné tagy
LEADER 03478nam a2200805 i 4500
001 313175
003 CZ PrSKC
005 20260601215737.0
007 ta
008 211123s2021 xr a g 000 f cze
015 |a cnb003375552 
020 |a 9788076613508  |q (brožováno) :  |c Kč 399,00 
035 |a (OCoLC)1296107700 
040 |a ABG001  |b cze  |e rda 
072 7 |a 821.162.3-3  |x Česká próza  |2 Konspekt 
080 |a 821.162.3-31  |2 MRF 
080 |a (0:82-312.9)  |2 MRF 
100 1 |a Starý, Radek,  |d 1992-  |7 xx0261079  |4 aut 
245 1 0 |a Arila.  |p Poslední hvězda /  |c Radek "Sterakdary" Starý 
246 3 0 |a Poslední hvězda 
250 |a 1. vydání 
264 1 |a V Praze :  |b CooBoo,  |c 2021 
300 |a 335 stran :  |b ilustrace ;  |c 20 cm 
336 |a text  |b txt  |2 rdacontent 
337 |a bez média  |b n  |2 rdamedia 
338 |a svazek  |b nc  |2 rdacarrier 
500 |a Terminologický slovník 
520 2 |a Druhá kniha fantasy série ze světa národa věčných uprchlíků.  |b Z trosek pradávného Amdailu povstal nový Nurheim a zdá se, že je národ Nurů konečně v bezpečí před šílenou bohyní. Všichni ale tuší, že jde pouze o dočasné období klidu a že kdykoli může přijít bouře, která je smete. A ač vždy chtěla být hrdinkou, Arila nyní musí dělat něco mnohem náročnějšího - postavit se čelem šílené bohyni, jejíž hněv otřásá samotnou realitou. Nakladatelská anotace. 
546 |a Český text 
655 7 |a české romány  |7 fd133974  |2 czenas 
655 7 |a fantasy romány  |7 fd184199  |2 czenas 
655 9 |a Czech fiction  |2 eczenas 
655 9 |a fantasy novels  |2 eczenas 
787 0 8 |i Z cyklu:  |t Arila  |g 2 
900 |a ABA001  |b 20 
928 9 |a Albatros Media - CooBoo 
044 |a xr 
505 0 0 |t Prolog (16 min., 35 sek.) 
505 0 0 |t Kapitola 1 (25 min., 30 sek.) 
505 0 0 |t Kapitola 2 (36 min., 29 sek.) 
505 0 0 |t Kapitola 3 (11 min., 19 sek.) 
505 0 0 |t Kapitola 4 (24 min., 44 sek.) 
505 0 0 |t Kapitola 5 (22 min., 10 sek.) 
505 0 0 |t Kapitola 6 (26 min., 24 sek.) 
505 0 0 |t Kapitola 7 (42 min., 29 sek.) 
505 0 0 |t Kapitola 8 (31 min., 42 sek.) 
505 0 0 |t Kapitola 9 (30 min., 13 sek.) 
505 0 0 |t Kapitola 10 (22 min., 44 sek.) 
505 0 0 |t Kapitola 11 (18 min., 17 sek.) 
505 0 0 |t Kapitola 12 (22 min., 26 sek.) 
505 0 0 |t Kapitola 13 (50 min., 27 sek.) 
505 0 0 |t Kapitola 14 (19 min., 54 sek.) 
505 0 0 |t Kapitola 15 (26 min., 6 sek.) 
505 0 0 |t Kapitola 16 (32 min., 19 sek.) 
505 0 0 |t Kapitola 17 (25 min., 41 sek.) 
505 0 0 |t Kapitola 18 (33 min., 40 sek.) 
505 0 0 |t Kapitola 19 (19 min., 32 sek.) 
505 0 0 |t Kapitola 20 (22 min., 45 sek.) 
505 0 0 |t Kapitola 21 (19 min., 43 sek.) 
505 0 0 |t Kapitola 22 (24 min., 9 sek.) 
505 0 0 |t Kapitola 23 (17 min., 43 sek.) 
505 0 0 |t Kapitola 25 (41 min., 41 sek.) 
505 0 0 |t Kapitola 24 (21 min., 57 sek.) 
505 0 0 |t Kapitola 26 (24 min., 23 sek.) 
505 0 0 |t Kapitola 27 (14 min., 54 sek.) 
505 0 0 |t Kapitola 28 (19 min., 47 sek.) 
505 0 0 |t Epilog (8 min., 0 sek.) 
910 |a RBIT002 
998 |d 387582  |a https://core.palmknihy.cz/api/books/387582/cover?skpo0c  |b https://core.palmknihy.cz/api/books/387582/cover/400?skpo0c  |c https://core.palmknihy.cz/api/books/387582/cover/50?skpo0c  |e 2031-12-31  |i 9788076613508  |l 45240  |q 49  |r 1  |s https://www.palmknihy.cz/kniha/387582  |t audiobook  |y 2023  |z 0  |v Arila  |w 2 
999 |d 313173